000 00871cam a22001934a 4500
005 20250605164051.0
008 250528s ||||||||||||||||||||||||d
035 _a17297
020 _a750623535
040 _aGR-AtMCL
_bgre
_dGR-AtMCL
_eAACR2
245 1 _aGlobal Tourism / The Next Decade
260 _bButterworth Heinemann,
_c1997
300 _a412
520 _aThe purpose of this book is to allow readers to examine critical issues and problems facing the tourism industry. Foreword, Preface, Clarification and Meaning: Issues of Understanding, Results and Residuals: The Issue of Impacts, Comparative Perspectives: Management and Policy Issues, Changing Directions: Planning and Development Issues, Facilities and Programs and Services: Resource Issues, Index.
700 1 _aTheobald William
_93453
942 _cBK
999 _c2725
_d2725